The trading game (Record no. 5196)

MARC details
000 -CABECERA
campo de control de longitud fija 02485cam a2200337 i 4500
001 - NÚMERO DE CONTROL
campo de control 991027250583507026
003 - IDENTIFICADOR DEL NÚMERO DE CONTROL
campo de control UkOxU
005 - FECHA Y HORA DE LA ÚLTIMA TRANSACCIÓN
campo de control 20251120131257.0
008 - DATOS DE LONGITUD FIJA--INFORMACIÓN GENERAL
campo de control de longitud fija 250204r20252024enk 000 0aeng d
020 ## - NÚMERO INTERNACIONAL ESTÁNDAR DEL LIBRO
Número Internacional Estándar del Libro 9781802062731
035 ## - NÚMERO DE CONTROL DEL SISTEMA
Número de control de sistema (OCoLC)1493635600
Número de control cancelado/no válido (OCoLC)1432582437
035 ## - NÚMERO DE CONTROL DEL SISTEMA
Número de control de sistema (OCoLC)on1493635600
040 ## - FUENTE DE LA CATALOGACIÓN
Centro catalogador/agencia de origen UKNYK
Lengua de catalogación eng
Normas de descripción rda
Centro/agencia transcriptor UKNYK
Centro/agencia modificador PBU
-- OCLCO
-- YDX
-- DHA
-- OCLCA
-- YDX
-- UkOxU
041 ## - CÓDIGO DE LENGUA
Código de lengua del texto/banda sonora o título independiente eng
050 #4 - SIGNATURA TOPOGRÁFICA DE LA BIBLIOTECA DEL CONGRESO
Número de clasificación HG3853
Número de documento/Ítem .S77 2025
100 ## - ENTRADA PRINCIPAL--NOMBRE DE PERSONA
Nombre de persona Stevenson, Gary
Término indicativo de función/relación author
9 (RLIN) 26571
245 14 - MENCIÓN DE TÍTULO
Título The trading game
Resto del título : a confession
Mención de responsabilidad, etc. / Gary Stevenson.
260 ## - PUBLICACIÓN, DISTRIBUCIÓN, ETC.
Lugar de publicación, distribución, etc. London :
Nombre del editor, distribuidor, etc. Penguin Books,
Fecha de publicación, distribución, etc. 2025.
300 ## - DESCRIPCIÓN FÍSICA
Extensión 407 pages ;
Dimensiones 20 cm
500 ## - NOTA GENERAL
Nota general Originally Published: Allen Lane, 2024.
520 ## - SUMARIO, ETC.
Sumario, etc. 'If you were gonna rob a bank, and you saw the vault door there, left open, what would you do? Would you wait around?'<br/><br/>Ever since he was a kid, kicking broken footballs on the streets of East London in the shadow of Canary Wharf's skyscrapers, Gary wanted something better. Something a whole lot bigger. Then he won a competition run by a bank: 'The Trading Game'. The prize: a golden ticket to a new life, as the youngest trader in the whole city. A place where you could make more money than you'd ever imagined. Where your colleagues are dysfunctional maths geniuses, overfed public schoolboys and borderline psychopaths, yet they start to feel like family. Where soon you're the bank's most profitable trader, dealing in nearly a trillion dollars. A day. Where you dream of numbers in your sleep - and then stop sleeping at all. But what happens when winning starts to feel like losing? When the easiest way to make money is to bet on millions becoming poorer and poorer - and, as the economy starts slipping off a precipice, your own sanity starts slipping with it? You want to stop, but you can't. Because nobody ever leaves. Would you stick, or quit? Even if it meant risking everything?<br/><br/>This is an outrageous, unvarnished, white-knuckle journey to the dark heart of an intoxicating world - from someone who survived the game.
600 #0 - PUNTO DE ACCESO ADICIONAL DE MATERIA--NOMBRE DE PERSONA
Nombre de persona Stevenson, Gary
Títulos y otros términos asociados al nombre (Economist)
9 (RLIN) 26572
610 #0 - PUNTO DE ACCESO ADICIONAL DE MATERIA--NOMBRE DE ENTIDAD CORPORATIVA
Nombre de entidad corporativa o nombre de jurisdicción como elemento de entrada Citibank (New York, N.Y.)
9 (RLIN) 26573
650 #0 - PUNTO DE ACCESO ADICIONAL DE MATERIA--TÉRMINO DE MATERIA
Término de materia o nombre geográfico como elemento de entrada Floor traders (Finance)
Subdivisión geográfica Great Britain
Subdivisión de forma Biography
9 (RLIN) 26574
650 #0 - PUNTO DE ACCESO ADICIONAL DE MATERIA--TÉRMINO DE MATERIA
Término de materia o nombre geográfico como elemento de entrada Floor traders (Finance)
Subdivisión general Psychological aspects
9 (RLIN) 26575
650 #0 - PUNTO DE ACCESO ADICIONAL DE MATERIA--TÉRMINO DE MATERIA
Término de materia o nombre geográfico como elemento de entrada Stockbrokers
Subdivisión geográfica England
Subdivisión de forma Biography
9 (RLIN) 26576
655 #0 - TÉRMINO DE INDIZACIÓN--GÉNERO/FORMA
Datos o término principal de género/forma Biographies
9 (RLIN) 22503
655 #0 - TÉRMINO DE INDIZACIÓN--GÉNERO/FORMA
Datos o término principal de género/forma Autobiographies
9 (RLIN) 22646
655 #0 - TÉRMINO DE INDIZACIÓN--GÉNERO/FORMA
Datos o término principal de género/forma Personal narratives
9 (RLIN) 26577
942 ## - ELEMENTOS DE ENTRADA AGREGADA (KOHA)
Fuente del sistema de clasificación o colocación Clasificación de Library of Congress
Holdings
Estado de retiro Estado de pérdida Fuente del sistema de clasificación o colocación Estado dañado No para préstamo Biblioteca de origen Biblioteca actual Fecha de adquisición Total de préstamos Signatura topográfica completa Código de barras Fecha visto por última vez Número de copia Precio válido a partir de Tipo de ítem Koha
    Clasificación de Library of Congress     TBS Barcelona TBS Barcelona 20/11/2025   HG3853 STE B05616 13/01/2026 1 20/11/2025 Book

Powered by Koha